[Event "RUS-chT2"]
[Site "Sochi"]
[Date "2016.05.04"]
[Round "4.8"]
[White "Khokhlova, Daria"]
[Black "Lushnikov, Sergej"]
[Result "1-0"]
[WhiteElo "2204"]
[BlackElo "1953"]
[PlyCount "81"]
[EventDate "2016.05.01"]
[EventType "team-swiss"]
[EventRounds "9"]
[EventCountry "RUS"]
[SourceTitle "EXT 2018"]
[Source "ChessBase"]
[SourceDate "2017.10.13"]
[SourceVersion "1"]
[SourceVersionDate "2017.10.13"]
[SourceQuality "1"]
[WhiteTeam "Yuzhno Sakhalinsk"]
[BlackTeam "Satka Vertical"]
[WhiteTeamCountry "RUS"]
[BlackTeamCountry "RUS"]

1. d4 d5 2. Nf3 Nf6 3. c4 c6 4. e3 Bf5 5. Nc3 e6 6. Nh4 Be4 7. f3 Bg6 8. Qb3 Qb6 9. Nxg6 hxg6 10. cxd5 Qxb3 11. axb3 exd5 12. Kf2 Nbd7 13. Bd3 a5 14. g3 Bb4 15. Kg2 0-0 16. h4 Rac8 17. g4 Rfe8 18. Bd2 c5 19. Bb5 cxd4 20. exd4 Rcd8 21. Rad1 Bxc3 22. bxc3 Re7 23. Rhe1 Rxe1 24. Rxe1 Kf8 25. Bf4 Ne8 26. Bc1 Nc7 27. Ba3+ Kg8 28. Be7 Nxb5 29. Bxd8 Nxc3 30. Bxa5 Nb5 31. Re8+ Kh7 32. Re7 Nf8 33. Rxf7 Ne6 34. Bb6 Nbxd4 35. Bxd4 Nxd4 36. Rxb7 Nc2 37. b4 d4 38. b5 d3 39. Rd7 Na3 40. b6 d2 41. b7 1-0

[Event "RUS-chT2"]
[Site "Sochi"]
[Date "2016.05.03"]
[Round "3.10"]
[White "Lushnikov, Sergej"]
[Black "Mestnikov, Aital"]
[Result "0-1"]
[WhiteElo "1953"]
[BlackElo "2188"]
[PlyCount "156"]
[EventDate "2016.05.01"]
[EventType "team-swiss"]
[EventRounds "9"]
[EventCountry "RUS"]
[SourceTitle "EXT 2018"]
[Source "ChessBase"]
[SourceDate "2017.10.13"]
[SourceVersion "1"]
[SourceVersionDate "2017.10.13"]
[SourceQuality "1"]
[WhiteTeam "Satka Vertical"]
[BlackTeam "Sakha Republic Yakutia"]
[WhiteTeamCountry "RUS"]
[BlackTeamCountry "RUS"]

1. e4 c5 2. c3 d5 3. exd5 Qxd5 4. d4 Nf6 5. Nf3 e6 6. Na3 Nc6 7. Nb5 Qd8 8. dxc5 Bxc5 9. Qxd8+ Kxd8 10. Bg5 Ke7 11. Rd1 h6 12. Bh4 g5 13. Bg3 Ne4 14. Bd3 Nxg3 15. hxg3 g4 16. Nfd4 Ne5 17. b4 Bb6 18. Be2 Bd7 19. c4 a6 20. Nc3 a5 21. a3 axb4 22. axb4 Bxd4 23. Rxd4 Ra1+ 24. Rd1 Ra3 25. Rc1 Bc6 26. 0-0 b6 27. b5 Bb7 28. c5 bxc5 29. b6 Rd8 30. Nb5 Ra2 31. Rxc5 Rxe2 32. Nc3 Nd7 33. Rc7 Rc2 34. Nd5+ Bxd5 35. Rxc2 Nxb6 36. Rfc1 Ra8 37. Kh2 h5 38. Kg1 Ra4 39. Rb2 Nc4 40. Rbb1 Ra2 41. Ra1 Rd2 42. Rd1 Kf6 43. Rxd2 Nxd2 44. Ra7 Ne4 45. Rd7 Nc5 46. Rc7 Nd3 47. Kf1 e5 48. Rd7 Be4 49. Rd8 Kg5 50. Rh8 Bg6 51. Ke2 Nc5 52. Kf1 f5 53. Rd8 Bf7 54. Rf8 Be6 55. Ra8 Nb3 56. Re8 Nd4 57. Ra8 f4 58. gxf4+ Kxf4 59. Rh8 Bc4+ 60. Kg1 Ne2+ 61. Kf1 Kg5 62. Rc8 Bd3 63. Rg8+ Kf5 64. Ke1 h4 65. Kd2 Nf4 66. g3 h3 67. Rh8 Ng6 68. Rh5+ Ke4 69. Rh6 Kf3 70. Kxd3 Nf4+ 71. gxf4 exf4 72. Rh4 Kxf2 73. Rxg4 f3 74. Ke4 Ke2 75. Rg1 f2 76. Ra1 f1Q 77. Ra2+ Ke1 78. Ra1+ Kf2 0-1

[Event "Satka Autumn op-B"]
[Site "Satka"]
[Date "2015.09.28"]
[Round "9"]
[White "Shlychkova, Ekaterina"]
[Black "Lushnikov, Sergej"]
[Result "0-1"]
[WhiteElo "1850"]
[BlackElo "1837"]
[PlyCount "84"]
[EventDate "2014.09.20"]
[EventType "swiss"]
[EventRounds "9"]
[EventCountry "RUS"]
[SourceTitle "EXT 2016"]
[Source "ChessBase"]
[SourceDate "2015.10.08"]
[SourceVersion "1"]
[SourceVersionDate "2015.10.08"]
[SourceQuality "1"]

1. e4 e5 2. Nf3 Nc6 3. Nc3 Nf6 4. Bb5 Bb4 5. d3 d6 6. 0-0 0-0 7. h3 Ne7 8. Bg5 Bxc3 9. bxc3 Ng6 10. Qd2 h6 11. Be3 Be6 12. Nh2 c6 13. Ba4 Nh5 14. Bb3 Qe7 15. Bxe6 Qxe6 16. c4 Nhf4 17. Nf3 f5 18. exf5 Rxf5 19. Bxf4 Nxf4 20. Rae1 Nxh3+ 21. gxh3 Rxf3 22. Re3 Raf8 23. Rfe1 Qxh3 24. Rxf3 Rxf3 25. Re3 Qg4+ 26. Kf1 Qf4 27. Re2 Qh2 28. Re1 Qh3+ 29. Ke2 Qf5 30. Rf1 e4 31. d4 e3 32. Qd3 Rxf2+ 33. Ke1 Rxf1+ 34. Qxf1 Qxc2 35. Qe2 Qb1+ 36. Qd1 Qxa2 37. Qe2 Qa1+ 38. Qd1 Qxd1+ 39. Kxd1 g5 40. Ke2 a5 41. Kxe3 a4 42. Kd3 g4 0-1

[Event "Satka-ch"]
[Site "Satka"]
[Date "2014.12.21"]
[Round "7"]
[White "Mukhina, Jana"]
[Black "Lushnikov, Sergej"]
[Result "1-0"]
[WhiteElo "2011"]
[BlackElo "1868"]
[PlyCount "48"]
[EventDate "2014.12.17"]
[EventType "swiss"]
[EventRounds "9"]
[EventCountry "RUS"]
[SourceTitle "EXT 2023"]
[Source "ChessBase"]
[SourceDate "2022.10.05"]
[SourceVersion "1"]
[SourceVersionDate "2022.10.05"]
[SourceQuality "1"]

1. e4 Nc6 2. d4 e5 3. dxe5 Nxe5 4. Nf3 d6 5. Bf4 Ng6 6. Be3 Nf6 7. Nc3 Be7 8. h3 0-0 9. Qd2 Re8 10. 0-0-0 Bf8 11. Bd3 Ne5 12. Nxe5 dxe5 13. f4 Nh5 14. fxe5 Rxe5 15. g4 Nf6 16. Bf4 Ra5 17. e5 Nd7 18. Bf5 Bb4 19. Bxd7 Rxa2 20. Kb1 Rxb2+ 21. Kxb2 Qe7 22. Bxc8 Ba3+ 23. Ka2 Qb4 24. Qd8+ Qf8 1-0

[Event "Satka-ch"]
[Site "Satka"]
[Date "2014.12.19"]
[Round "3"]
[White "Kaliev, Konstantin Arkadiev"]
[Black "Lushnikov, Sergej"]
[Result "1-0"]
[WhiteElo "1952"]
[BlackElo "1868"]
[PlyCount "59"]
[EventDate "2014.12.17"]
[EventType "swiss"]
[EventRounds "9"]
[EventCountry "RUS"]
[SourceTitle "EXT 2023"]
[Source "ChessBase"]
[SourceDate "2022.10.05"]
[SourceVersion "1"]
[SourceVersionDate "2022.10.05"]
[SourceQuality "1"]

1. d4 d5 2. Nf3 Nf6 3. c4 c6 4. Nc3 e6 5. Bg5 Nbd7 6. e3 Qa5 7. cxd5 Nxd5 8. Qd2 Bb4 9. Rc1 b6 10. a3 Bxc3 11. bxc3 Qxa3 12. e4 N5f6 13. Bd3 c5 14. 0-0 cxd4 15. cxd4 Ba6 16. Rc3 Qa5 17. Rfc1 0-0 18. Qe2 Rac8 19. Rxc8 Bxc8 20. e5 Nd5 21. Bd2 Qa3 22. Ng5 g6 23. Nxh7 Kxh7 24. Qh5+ Kg8 25. Bxg6 N7f6 26. exf6 Nxf6 27. Bxf7+ Rxf7 28. Rxc8+ Rf8 29. Qg6+ Kh8 30. Qxf6+ 1-0

[Event "Satka Autumn op-B"]
[Site "Satka"]
[Date "2014.09.25"]
[Round "6"]
[White "Khazov, Anton"]
[Black "Lushnikov, Sergej"]
[Result "1/2-1/2"]
[WhiteElo "1970"]
[BlackElo "1837"]
[PlyCount "81"]
[EventDate "2014.09.20"]
[EventType "swiss"]
[EventRounds "9"]
[EventCountry "RUS"]
[SourceTitle "EXT 2016"]
[Source "ChessBase"]
[SourceDate "2015.10.08"]
[SourceVersion "1"]
[SourceVersionDate "2015.10.08"]
[SourceQuality "1"]

1. Nf3 d5 2. g3 Nf6 3. Bg2 c6 4. d3 Bg4 5. Nbd2 Nbd7 6. 0-0 e6 7. c4 Bd6 8. Qc2 0-0 9. e4 Qc7 10. b3 Bxf3 11. Nxf3 Ne5 12. Bb2 Nxf3+ 13. Bxf3 dxe4 14. dxe4 Be5 15. Rad1 Bxb2 16. Qxb2 Rfd8 17. e5 Nd7 18. Rfe1 Nc5 19. Qc3 Rxd1 20. Rxd1 Rd8 21. b4 Rxd1+ 22. Bxd1 Nd7 23. f4 Nb6 24. a4 Qd7 25. Bc2 a6 26. Kf2 Nc8 27. Ke3 Ne7 28. Qd4 Qxd4+ 29. Kxd4 b6 30. a5 c5+ 31. bxc5 Nc6+ 32. Kc3 bxc5 33. Be4 Nxa5 34. g4 h6 35. h4 Kf8 36. g5 Ke7 37. gxh6 gxh6 38. h5 Kd7 39. Bf3 Nc6 40. Bxc6+ Kxc6 41. Kb3 1/2-1/2

[Event "Satka Autumn op-B"]
[Site "Satka"]
[Date "2014.09.22"]
[Round "3"]
[White "Somkin, Kirill"]
[Black "Lushnikov, Sergej"]
[Result "0-1"]
[WhiteElo "1850"]
[BlackElo "1837"]
[PlyCount "104"]
[EventDate "2014.09.20"]
[EventType "swiss"]
[EventRounds "9"]
[EventCountry "RUS"]
[SourceTitle "EXT 2016"]
[Source "ChessBase"]
[SourceDate "2015.10.08"]
[SourceVersion "1"]
[SourceVersionDate "2015.10.08"]
[SourceQuality "1"]

1. e4 d6 2. d4 Nf6 3. Nc3 g6 4. Nf3 Bg7 5. Bd3 0-0 6. Be3 a5 7. Qd2 Ng4 8. h3 Nxe3 9. fxe3 e5 10. h4 Bg4 11. Be2 Nc6 12. d5 Ne7 13. Ng5 Bxe2 14. Qxe2 h6 15. Nf3 f5 16. 0-0-0 Qd7 17. h5 g5 18. Qc4 f4 19. Qe2 Qg4 20. Rdg1 fxe3 21. Qxe3 Qf4 22. Qxf4 exf4 23. Nb5 Rac8 24. Nfd4 Bxd4 25. Nxd4 Rf6 26. Rf1 c6 27. dxc6 Nxc6 28. Nf5 Re8 29. Rd1 Rxe4 30. Nxd6 Re2 31. Rhg1 Re7 32. Nc8 Rc7 33. Rd6 Rxd6 34. Nxd6 Nd4 35. Kb1 Nxc2 36. Rc1 Rd7 37. Nxb7 Na3+ 38. bxa3 Rxb7+ 39. Ka1 Rb5 40. Rc6 Kg7 41. Ra6 Re5 42. Ra7+ Kf6 43. Ra6+ Kf5 44. Rxh6 Kg4 45. Rh8 Re2 46. Ra8 Rxg2 47. h6 Rh2 48. Rxa5 f3 49. Ra4+ Kg3 50. Ra5 f2 51. Rxg5+ Kf4 52. h7 f1R# 0-1

[Event "Satka Autumn op-B"]
[Site "Satka"]
[Date "2014.09.21"]
[Round "2"]
[White "Lushnikov, Sergej"]
[Black "Smorchkov, Danil"]
[Result "1/2-1/2"]
[WhiteElo "1837"]
[BlackElo "1868"]
[PlyCount "50"]
[EventDate "2014.09.20"]
[EventType "swiss"]
[EventRounds "9"]
[EventCountry "RUS"]
[SourceTitle "EXT 2016"]
[Source "ChessBase"]
[SourceDate "2015.10.08"]
[SourceVersion "1"]
[SourceVersionDate "2015.10.08"]
[SourceQuality "1"]

1. e4 e6 2. d4 d5 3. exd5 exd5 4. c4 Bb4+ 5. Nc3 Qe7+ 6. Qe2 Qxe2+ 7. Bxe2 Nf6 8. Bd2 Be6 9. cxd5 Nxd5 10. Nxd5 Bxd2+ 11. Kxd2 Bxd5 12. Bf3 Bxf3 13. Nxf3 0-0 14. Rac1 c6 15. Ne5 Rd8 16. Kc3 Nd7 17. Rhe1 Nxe5 18. dxe5 Rd5 19. Rcd1 Rad8 20. Rxd5 Rxd5 21. f4 Rc5+ 22. Kd3 Rd5+ 23. Ke3 Rc5 24. Kd3 Rd5+ 25. Kc3 Rc5+ 1/2-1/2

[Event "Satka Autumn op-B"]
[Site "Satka"]
[Date "2014.09.20"]
[Round "1"]
[White "Verevkina, Ekaterina"]
[Black "Lushnikov, Sergej"]
[Result "0-1"]
[WhiteElo "1450"]
[BlackElo "1837"]
[PlyCount "64"]
[EventDate "2014.09.20"]
[EventType "swiss"]
[EventRounds "9"]
[EventCountry "RUS"]
[SourceTitle "EXT 2016"]
[Source "ChessBase"]
[SourceDate "2015.10.08"]
[SourceVersion "1"]
[SourceVersionDate "2015.10.08"]
[SourceQuality "1"]

1. e4 e5 2. Nf3 Nc6 3. Nc3 Nf6 4. Bb5 d6 5. 0-0 Be7 6. d4 exd4 7. Nxd4 Bd7 8. Nxc6 Bxc6 9. Bxc6+ bxc6 10. Bg5 0-0 11. f4 h6 12. Bxf6 Bxf6 13. Qd3 Re8 14. Rfe1 Qb8 15. Na4 Qb4 16. Qb3 Qd4+ 17. Kh1 Rab8 18. Qc3 Qxa4 19. Qa3 Qxa3 20. bxa3 Bxa1 21. Rxa1 Rxe4 22. g3 Rb2 23. Kg2 Rxc2+ 24. Kf3 Ree2 25. h4 f5 26. g4 g6 27. g5 Red2 28. Ke3 Rxa2 29. Re1 d5 30. a4 d4+ 31. Kf3 Rd3+ 32. Re3 Rxe3# 0-1

[Event "RUS-chT U20"]
[Site "Kolomna"]
[Date "2014.08.09"]
[Round "8"]
[White "Lushnikov, Sergej"]
[Black "Povolotsky, Evgeny"]
[Result "1/2-1/2"]
[WhiteElo "1815"]
[BlackElo "2081"]
[PlyCount "63"]
[EventDate "2014.08.02"]
[EventType "swiss"]
[EventRounds "9"]
[EventCountry "RUS"]
[SourceTitle "EXT 2016"]
[Source "ChessBase"]
[SourceDate "2015.10.08"]
[SourceVersion "1"]
[SourceVersionDate "2015.10.08"]
[SourceQuality "1"]

1. e4 d6 2. d4 Nf6 3. Nc3 e5 4. dxe5 dxe5 5. Qxd8+ Kxd8 6. Bg5 Be6 7. 0-0-0+ Nbd7 8. f4 exf4 9. Nf3 Kc8 10. Bxf4 c6 11. Ng5 Nc5 12. g3 Be7 13. Nxe6 Nxe6 14. Bh3 h6 15. Be5 Rd8 16. Rhf1 Rxd1+ 17. Kxd1 Kd8 18. Bxf6 gxf6 19. Ke2 Ke8 20. Rd1 Bb4 21. Kf3 Ke7 22. Bxe6 fxe6 23. Kg4 h5+ 24. Kh4 Rg8 25. h3 Bc5 26. Ne2 Rg5 27. Nf4 Bf2 28. Nxh5 Re5 29. Kg4 Rg5+ 30. Kh4 Re5 31. Kg4 Rg5+ 32. Kh4 1/2-1/2

[Event "RUS-chT U20"]
[Site "Kolomna"]
[Date "2014.08.05"]
[Round "4"]
[White "Zelenov, Aleksey"]
[Black "Lushnikov, Sergej"]
[Result "1/2-1/2"]
[WhiteElo "1738"]
[BlackElo "1815"]
[PlyCount "87"]
[EventDate "2014.08.02"]
[EventType "swiss"]
[EventRounds "9"]
[EventCountry "RUS"]
[SourceTitle "EXT 2016"]
[Source "ChessBase"]
[SourceDate "2015.10.08"]
[SourceVersion "1"]
[SourceVersionDate "2015.10.08"]
[SourceQuality "1"]

1. e4 e6 2. d4 d5 3. exd5 exd5 4. Nf3 Bd6 5. c4 dxc4 6. Bxc4 Nf6 7. Nc3 0-0 8. 0-0 Bg4 9. Be3 Nc6 10. h3 Bh5 11. Be2 Re8 12. Qb3 Rb8 13. Rad1 Ne4 14. Nxe4 Rxe4 15. Ng5 Na5 16. Qd3 Bxe2 17. Qxe4 g6 18. Nxf7 Kxf7 19. Qd5+ Kg7 20. Qxa5 a6 21. Qc3 Qf6 22. d5 Qxc3 23. bxc3 Bxd1 24. Rxd1 Kf6 25. Kf1 b5 26. f4 Re8 27. Re1 Re4 28. Kf2 Ra4 29. Bd4+ Kf7 30. Re2 Bxf4 31. Kf3 Bd6 32. Ke3 Ra3 33. Ke4 a5 34. Rf2+ Ke7 35. Rb2 b4 36. c4 Bg3 37. Rb3 Rxb3 38. axb3 Be1 39. Kd3 Kd6 40. Bf6 Bg3 41. Kd4 Bf2+ 42. Kd3 Bg3 43. Kd4 Bf2+ 44. Kd3 1/2-1/2

[Event "RUS-chT U20"]
[Site "Kolomna"]
[Date "2014.08.04"]
[Round "3"]
[White "Lushnikov, Sergej"]
[Black "Yeritsyan, Aram"]
[Result "0-1"]
[WhiteElo "1815"]
[BlackElo "1851"]
[PlyCount "114"]
[EventDate "2014.08.02"]
[EventType "swiss"]
[EventRounds "9"]
[EventCountry "RUS"]
[SourceTitle "EXT 2016"]
[Source "ChessBase"]
[SourceDate "2015.10.08"]
[SourceVersion "1"]
[SourceVersionDate "2015.10.08"]
[SourceQuality "1"]

1. e4 c5 2. c3 d5 3. exd5 Qxd5 4. d4 Nf6 5. Nf3 Bg4 6. Be2 e6 7. h3 Bh5 8. 0-0 Nc6 9. Be3 cxd4 10. Nxd4 Bxe2 11. Qxe2 Nxd4 12. Bxd4 Be7 13. Rd1 Qc6 14. Nd2 0-0 15. Nc4 Nd5 16. Ne5 Qc7 17. Qc4 Qxc4 18. Nxc4 Rac8 19. Ne3 Bc5 20. Nxd5 exd5 21. Bxc5 Rxc5 22. Rd4 Rd8 23. Rad1 Kf8 24. c4 Ke7 25. cxd5 Kd6 26. R1d2 Re8 27. f4 Re1+ 28. Kf2 Rcc1 29. Rb4 Re7 30. Ra4 a6 31. Rb4 b5 32. Rb3 Rc8 33. Ra3 Ra7 34. Rg3 g6 35. Re3 Rc5 36. Re8 Kd7 37. Rh8 h5 38. g4 hxg4 39. hxg4 a5 40. Rf8 Ke7 41. Rb8 Rd7 42. Re2+ Kd6 43. Ra8 a4 44. Ra6+ Kc7 45. Ra7+ Kd8 46. Rxd7+ Kxd7 47. Ke3 Kd6 48. Rd2 f5 49. g5 Rxd5 50. b4 Rxd2 51. Kxd2 Kd5 52. Kd3 a3 53. Ke3 Kc4 54. Ke2 Kxb4 55. Kd3 Kc5 56. Kc3 b4+ 57. Kd3 Kd5 0-1

[Event "Urals-ch 72nd"]
[Site "Tiumen"]
[Date "2014.03.27"]
[Round "8"]
[White "Lushnikov, Sergej"]
[Black "Khazov, Anton"]
[Result "1/2-1/2"]
[WhiteElo "1812"]
[BlackElo "1964"]
[PlyCount "120"]
[EventDate "2014.03.20"]
[EventType "swiss"]
[EventRounds "9"]
[EventCountry "RUS"]
[SourceTitle "CBM 159 Extra"]
[Source "ChessBase"]
[SourceDate "2014.04.24"]
[SourceVersion "1"]
[SourceVersionDate "2014.04.24"]
[SourceQuality "1"]

1. e4 c5 2. c3 d5 3. exd5 Qxd5 4. d4 Nf6 5. Nf3 Bg4 6. Be2 e6 7. Be3 cxd4 8. cxd4 Nc6 9. Nc3 Qd6 10. 0-0 Be7 11. h3 Bh5 12. Nb5 Qd8 13. Rc1 0-0 14. Qb3 a6 15. Nc3 Na5 16. Qc2 Rc8 17. Ne5 Bxe2 18. Qxe2 b5 19. Rfd1 h6 20. Qf3 Nc4 21. Nxc4 Rxc4 22. Ne4 Nxe4 23. Rxc4 Nxf2 24. Bxf2 bxc4 25. Qc3 Qd5 26. Rc1 Rb8 27. Qxc4 Rxb2 28. Qc8+ Kh7 29. Qxa6 Rd2 30. Qf1 Bf6 31. Rd1 Rxa2 32. Qd3+ g6 33. Qf3 Qxf3 34. gxf3 Ra5 35. Rd2 g5 36. Be3 Kg6 37. Kg2 Kf5 38. Rc2 Be7 39. Rb2 Bd6 40. Rc2 f6 41. Bf2 Bf4 42. Re2 h5 43. Rc2 Rd5 44. Re2 Bc7 45. Rb2 Ba5 46. Rb3 Bd2 47. Rd3 Bf4 48. Rb3 g4 49. hxg4+ hxg4 50. Rb6 gxf3+ 51. Kxf3 Ra5 52. Rb3 Rd5 53. Be3 Bxe3 54. Kxe3 Ra5 55. Rc3 Kg4 56. Rc6 Ra3+ 57. Ke2 Kf5 58. Rd6 Rb3 59. Kd2 e5 60. dxe5 fxe5 1/2-1/2

[Event "Urals-ch 72nd"]
[Site "Tiumen"]
[Date "2014.03.25"]
[Round "6"]
[White "Chukleev, Sergei"]
[Black "Lushnikov, Sergej"]
[Result "1-0"]
[WhiteElo "1917"]
[BlackElo "1812"]
[PlyCount "67"]
[EventDate "2014.03.20"]
[EventType "swiss"]
[EventRounds "9"]
[EventCountry "RUS"]
[SourceTitle "CBM 159 Extra"]
[Source "ChessBase"]
[SourceDate "2014.04.24"]
[SourceVersion "1"]
[SourceVersionDate "2014.04.24"]
[SourceQuality "1"]

1. c4 e6 2. Nf3 Nf6 3. e3 c5 4. Be2 Nc6 5. 0-0 d5 6. b3 Be7 7. h3 0-0 8. d4 Re8 9. Bb2 b6 10. Nc3 cxd4 11. Nxd4 Nxd4 12. Qxd4 dxc4 13. Qxc4 Bb7 14. Rfd1 Qc8 15. Qf4 Qb8 16. Qxb8 Raxb8 17. Nb5 Ba6 18. a4 Red8 19. Bf3 Rxd1+ 20. Rxd1 Bxb5 21. axb5 Rd8 22. Ra1 Rd7 23. Bc6 Rc7 24. Be5 Rc8 25. Rxa7 Bd8 26. e4 h6 27. Rb7 Ra8 28. g4 Kh7 29. Rxf7 Ra3 30. Rb7 Rxb3 31. Kg2 Kg6 32. f3 Ra3 33. Kg3 Rb3 34. Bd4 1-0

[Event "Urals-ch 72nd"]
[Site "Tiumen"]
[Date "2014.03.21"]
[Round "2"]
[White "Lushnikov, Sergej"]
[Black "Korolkov, Evgeni"]
[Result "0-1"]
[WhiteElo "1812"]
[BlackElo "1975"]
[PlyCount "94"]
[EventDate "2014.03.20"]
[EventType "swiss"]
[EventRounds "9"]
[EventCountry "RUS"]
[SourceTitle "CBM 159 Extra"]
[Source "ChessBase"]
[SourceDate "2014.04.24"]
[SourceVersion "1"]
[SourceVersionDate "2014.04.24"]
[SourceQuality "1"]

1. e4 e5 2. Nf3 Nc6 3. Bc4 Bc5 4. c3 Qe7 5. 0-0 d6 6. d4 Bb6 7. Ng5 Nd8 8. f4 Nf6 9. Kh1 0-0 10. fxe5 dxe5 11. dxe5 Ng4 12. e6 Qc5 13. Qxg4 Qxc4 14. Nd2 Qc5 15. Nxh7 Kxh7 16. Qh4+ Kg8 17. e7 Be6 18. exf8Q+ Qxf8 19. Nf3 Bc4 20. Ng5 Qd6 21. e5 Qd3 22. Bf4 Qf5 23. Rf3 Ne6 24. Rh3 Kf8 25. Nxe6+ Bxe6 26. Bg5 Qxh3 27. Qxh3 Bxh3 28. gxh3 Re8 29. Re1 f6 30. Bf4 g5 31. Bg3 f5 32. Kg2 Kf7 33. Kf3 f4 34. Bf2 Bxf2 35. Kxf2 Ke6 36. Kf3 Rd8 37. Re2 Rd3+ 38. Kg4 f3 39. Rf2 Kxe5 40. Kxg5 Ke4 41. Kg4 Rd8 42. Rf1 Rg8+ 43. Kh5 Ke3 44. Re1+ Kf2 45. Rc1 Kg2 46. Kh4 f2 47. Rc2 Kg1 0-1

[Event "Satka-ch Rating"]
[Site "Satka"]
[Date "2013.12.18"]
[Round "8"]
[White "Lushnikov, Sergej"]
[Black "Vyalykh, Anastasiya"]
[Result "0-1"]
[WhiteElo "1807"]
[BlackElo "1825"]
[PlyCount "58"]
[EventDate "2013.12.09"]
[EventType "swiss"]
[EventRounds "9"]
[EventCountry "RUS"]
[SourceTitle "EXT 2016"]
[Source "ChessBase"]
[SourceDate "2015.10.08"]
[SourceVersion "1"]
[SourceVersionDate "2015.10.08"]
[SourceQuality "1"]

1. e4 e6 2. d4 d5 3. exd5 exd5 4. Nf3 Bd6 5. Bd3 Nf6 6. 0-0 0-0 7. Bg5 Bg4 8. Nbd2 Nbd7 9. c3 h6 10. Bh4 c6 11. Qc2 Qc7 12. Bg3 Rfe8 13. Bxd6 Qxd6 14. h3 Bxf3 15. Nxf3 Re7 16. Nh4 g6 17. Nxg6 fxg6 18. Bxg6 Ne4 19. Bh5 Rg7 20. Rae1 Ndf6 21. Bf3 Ng5 22. Qf5 Rf8 23. h4 Nfe4 24. Qxf8+ Qxf8 25. hxg5 Rxg5 26. Bxe4 dxe4 27. Rxe4 Qf3 28. Re8+ Kf7 29. Rg8 Qxg2# 0-1

[Event "Satka-ch Rating"]
[Site "Satka"]
[Date "2013.12.16"]
[Round "6"]
[White "Smorchkov, Danil"]
[Black "Lushnikov, Sergej"]
[Result "1/2-1/2"]
[WhiteElo "1841"]
[BlackElo "1807"]
[PlyCount "44"]
[EventDate "2013.12.09"]
[EventType "swiss"]
[EventRounds "9"]
[EventCountry "RUS"]
[SourceTitle "EXT 2016"]
[Source "ChessBase"]
[SourceDate "2015.10.08"]
[SourceVersion "1"]
[SourceVersionDate "2015.10.08"]
[SourceQuality "1"]

1. d4 d5 2. c4 c6 3. Nc3 Nf6 4. Bg5 e6 5. e3 Nbd7 6. Nf3 Qa5 7. cxd5 cxd5 8. Bd3 Bb4 9. Qb3 0-0 10. 0-0 b6 11. Rac1 Bxc3 12. Rxc3 Ba6 13. Bxa6 Qxa6 14. Rfc1 Rfc8 15. Bxf6 Nxf6 16. Ne5 Ne4 17. Rxc8+ Rxc8 18. Rxc8+ Qxc8 19. Nd3 h6 20. f3 Nd2 21. Qd1 Nc4 22. Kf2 Nd6 1/2-1/2

[Event "Satka-ch Rating"]
[Site "Satka"]
[Date "2013.12.15"]
[Round "5"]
[White "Scherbakov, Mikhail"]
[Black "Lushnikov, Sergej"]
[Result "1/2-1/2"]
[WhiteElo "1785"]
[BlackElo "1807"]
[PlyCount "89"]
[EventDate "2013.12.09"]
[EventType "swiss"]
[EventRounds "9"]
[EventCountry "RUS"]
[SourceTitle "EXT 2016"]
[Source "ChessBase"]
[SourceDate "2015.10.08"]
[SourceVersion "1"]
[SourceVersionDate "2015.10.08"]
[SourceQuality "1"]

1. e4 e6 2. d4 d5 3. Nd2 c5 4. exd5 exd5 5. Ngf3 Nf6 6. Bb5+ Nc6 7. 0-0 Be7 8. dxc5 Bxc5 9. Re1+ Be6 10. Nb3 Bb6 11. Nbd4 Bxd4 12. Nxd4 Qd7 13. Bxc6 bxc6 14. Nb3 0-0 15. Nc5 Qd6 16. Qd4 Nd7 17. b4 Nxc5 18. bxc5 Qd7 19. Bf4 Rfe8 20. Re3 Bf5 21. Rg3 Bg6 22. h4 Re4 23. Qd2 Qf5 24. Bd6 Rxh4 25. Rg5 Qf6 26. Re1 h6 27. Rg3 Qf5 28. Re5 Qxc2 29. Qxc2 Bxc2 30. Rc3 Ba4 31. f3 Bb5 32. g4 h5 33. gxh5 d4 34. Rc2 f6 35. Re7 d3 36. Rg2 Rxh5 37. Rexg7+ Kh8 38. Rd7 Rg8 39. Rxg8+ Kxg8 40. Bf4 Rxc5 41. Rxa7 Rf5 42. Bd2 Rxf3 43. a4 Bc4 44. Rc7 Bd5 45. a5 1/2-1/2

[Event "Satka-ch Rating"]
[Site "Satka"]
[Date "2013.12.11"]
[Round "2"]
[White "Lushnikov, Sergej"]
[Black "Kaliev, Konstantin Arkadiev"]
[Result "1/2-1/2"]
[WhiteElo "1807"]
[BlackElo "1970"]
[PlyCount "71"]
[EventDate "2013.12.09"]
[EventType "swiss"]
[EventRounds "9"]
[EventCountry "RUS"]
[SourceTitle "EXT 2016"]
[Source "ChessBase"]
[SourceDate "2015.10.08"]
[SourceVersion "1"]
[SourceVersionDate "2015.10.08"]
[SourceQuality "1"]

1. e4 c6 2. d4 d5 3. e5 Bf5 4. Nf3 e6 5. Be2 Ne7 6. 0-0 h6 7. Nbd2 Nd7 8. Nb3 Qc7 9. a4 a5 10. Nh4 Be4 11. f3 Bh7 12. f4 c5 13. c3 c4 14. Nd2 g5 15. fxg5 hxg5 16. Nhf3 Nf5 17. Nb1 g4 18. Ng5 Nxe5 19. Bf4 Nf3+ 20. Rxf3 Bd6 21. Bxd6 Qxd6 22. Rf2 g3 23. Rf3 gxh2+ 24. Kh1 Ng3+ 25. Rxg3 Qxg3 26. Nxh7 Rxh7 27. Na3 Ke7 28. Bf3 Rg8 29. Qe1 Qxe1+ 30. Rxe1 Kf6 31. Nb5 Rh4 32. Nd6 b6 33. Nb5 Ra8 34. Rf1 Ke7 35. Re1 Kd7 36. Bd1 1/2-1/2

[Event "Satka-ch"]
[Site "Satka"]
[Date "2012.12.26"]
[Round "5"]
[White "Lushnikov, Sergej"]
[Black "Popov, Alexander"]
[Result "1-0"]
[WhiteElo "1799"]
[BlackElo "2181"]
[PlyCount "43"]
[EventDate "2012.12.22"]
[EventType "swiss"]
[EventRounds "9"]
[EventCountry "RUS"]
[SourceTitle "CBM 152 Extra"]
[Source "ChessBase"]
[SourceDate "2013.02.25"]
[SourceVersion "1"]
[SourceVersionDate "2013.02.25"]
[SourceQuality "1"]

1. e4 e5 2. Nf3 Nc6 3. Bc4 Be7 4. d4 exd4 5. c3 d3 6. Qb3 d5 7. Bxd5 Be6 8. Bxe6 fxe6 9. Qxb7 Na5 10. Qb5+ c6 11. Qa4 Qb6 12. Nbd2 Bc5 13. 0-0 Nb7 14. Nc4 Be7 15. Nxb6 axb6 16. Qxa8+ Kd7 17. Qxb7+ Kd6 18. Bf4+ Kc5 19. b4+ Kc4 20. Qxc6+ Bc5 21. Bd2 Ne7 22. Ne5# 1-0

[Event "Satka-ch"]
[Site "Satka"]
[Date "2012.12.23"]
[Round "2"]
[White "Nasybullina, Alfia"]
[Black "Lushnikov, Sergej"]
[Result "1-0"]
[WhiteElo "2077"]
[BlackElo "1799"]
[PlyCount "73"]
[EventDate "2012.12.22"]
[EventType "swiss"]
[EventRounds "9"]
[EventCountry "RUS"]
[SourceTitle "CBM 152 Extra"]
[Source "ChessBase"]
[SourceDate "2013.02.25"]
[SourceVersion "1"]
[SourceVersionDate "2013.02.25"]
[SourceQuality "1"]

1. d4 d5 2. c4 c6 3. Nf3 Nf6 4. Qb3 e6 5. g3 Nbd7 6. Bg2 Bd6 7. 0-0 0-0 8. Nc3 dxc4 9. Qxc4 e5 10. dxe5 Nxe5 11. Nxe5 Bxe5 12. Rd1 Qe7 13. e4 Be6 14. Qe2 Rfd8 15. Be3 Rxd1+ 16. Rxd1 a6 17. f4 Bxc3 18. bxc3 Bg4 19. Bf3 Bxf3 20. Qxf3 Qxe4 21. Qxe4 Nxe4 22. c4 Nf6 23. Bb6 Kf8 24. Kg2 Re8 25. Kf3 h6 26. a4 Re4 27. Bd4 Re6 28. f5 Re8 29. a5 Ne4 30. h4 g6 31. fxg6 fxg6 32. Be3 h5 33. Rd7 Nc3 34. Bh6+ Kg8 35. Rg7+ Kh8 36. Rxb7 Ne2 37. Be3 1-0